Pohybové aktivity a zdraví člověka : sborník příspěvků z mezinárodního vědeckého semináře ..., uspořádaný 13. října 2005 v Ústí nad Labem /

Korporativní autor: Univerzita J.E. Purkyně v Ústí nad Labem. Katedra tělesné výchovy
Další autoři: Pohybové aktivity a zdraví člověka (seminář), Nosek, Martin, Univerzita J.E. Purkyně v Ústí nad Labem. Ústav zdravotnických studií
Jazyk: Slovenština
Čeština
Vydáno: V Ústí nad Labem : Univerzita J.E. Purkyně, 2005
Vydání: Vyd. 1.
Témata:
Fyzický popis: 164 s. : il. ; 21 cm
Language note: Část. slovenský text, anglická resumé
Knihy
Uloženo v:
LEADER 02530nam a2200565 a 4500
001 nkc20051634001
003 CZ PrNK
005 20211210095019.0
007 ta
008 051206s2005 xr a f 100 0 cze
015 |a cnb001634001 
020 |a 80-7044-691-9  |q (brož.)  |z 80-7077-691-9 
035 |a (OCoLC)85165587 
040 |a BOA001  |b cze  |d ABA001 
041 0 |a cze  |a slo  |b eng 
072 7 |a 613.7  |x Zdraví a hygiena volného času, rekreace a spánku  |2 Konspekt  |9 20 
080 |a 613.71/.73  |2 MRF 
080 |a 796/799  |2 MRF 
080 |a 316.728-021.465  |2 MRF 
080 |a 616-092.11  |2 MRF 
080 |a (062.534)  |2 MRF 
111 2 |a Pohybové aktivity a zdraví člověka (seminář)  |d (2005 :  |c Ústí nad Labem, Česko)  |7 kn20060118016 
245 1 0 |a Pohybové aktivity a zdraví člověka :  |b sborník příspěvků z mezinárodního vědeckého semináře ..., uspořádaný 13. října 2005 v Ústí nad Labem /  |c [editor Martin Nosek] 
246 3 0 |a Sborník příspěvků z mezinárodního vědeckého semináře Pohybové aktivity a zdraví člověka 
250 |a Vyd. 1. 
260 |a V Ústí nad Labem :  |b Univerzita J.E. Purkyně,  |c 2005 
300 |a 164 s. :  |b il. ;  |c 21 cm 
500 |a 80 výt. 
500 |a Nad názvem: Univerzita Jana Evangelisty Purkyně v Ústí nad Labem, Fakulta pedagogická, Katedra tělesné výchovy ve spolupráci s Ústavem zdravotních studií UJEP 
504 |a Obsahuje bibliografie 
546 |a Část. slovenský text, anglická resumé 
650 0 7 |a pohybová aktivita  |7 ph124199  |2 czenas 
650 0 7 |a sport  |7 ph116248  |2 czenas 
650 0 7 |a kvalita života  |7 ph198739  |2 czenas 
650 0 7 |a zdraví a nemoc  |7 ph158519  |2 czenas 
650 0 9 |a movement activity  |2 eczenas 
650 0 9 |a sport  |2 eczenas 
650 0 9 |a quality of life  |2 eczenas 
650 0 9 |a health and disease  |2 eczenas 
655 7 |a sborníky konferencí  |7 fd133333  |2 czenas 
655 9 |a proceedings of conferences  |2 eczenas 
700 1 |a Nosek, Martin  |7 xx0014705  |4 edt 
710 2 |a Univerzita J.E. Purkyně v Ústí nad Labem.  |b Katedra tělesné výchovy  |7 kn20030327007 
710 2 |a Univerzita J.E. Purkyně v Ústí nad Labem.  |b Ústav zdravotnických studií  |7 kn20040409010 
910 2 |a BOA001  |b 2-1161.113 
990 |a BK 
995 |a 01 
991 |b 200512  |c NOV 
996 6 |b 2610266899  |c 2-1161.113  |l MZK  |r Sklad / do 1 hodiny  |n 6  |p p.v.  |w 000800663  |u 000010  |a 1  |e BOA001  |j MZK50  |s P 
996 7 |b 2610522409  |c 2-1161.113  |l MZK  |r Sklad / do 1 hodiny  |n 3  |p dar  |w 000800663  |u 000020  |a 1  |e BOA001  |j MZK50  |s A